[Event "HUN-chT2 Toth 2122"]
[White "Zsirmik, Zsombor"]
[Black "Kecze, Matyas"]
[Site "Hungary"]
[Round "1.12"]
[Result "0-1"]
[Date "2021.10.10"]
[WhiteElo "1391"]
[BlackElo "1827"]
[PlyCount "150"]
[EventDate "2021.10.10"]
[EventType "team-tourn"]
[EventRounds "9"]
[EventCountry "HUN"]
[SourceTitle "EXT 2025"]
[Source "ChessBase"]
[SourceDate "2024.10.14"]
[SourceVersion "1"]
[SourceVersionDate "2024.10.14"]
[SourceQuality "1"]
[WhiteTeam "Kecskemet Takisz"]
[BlackTeam "Kisujszallas"]
[WhiteTeamCountry "HUN"]
[BlackTeamCountry "HUN"]

1. d4 Nf6 2. Nf3 e6 3. Bf4 b6 4. g3 Bb7 5. Bg2 Be7 6. Nbd2 0-0 7. 0-0 d5 8. c3 Nbd7 9. Ne5 Rc8 10. Re1 c5 11. Nxd7 Qxd7 12. Bg5 cxd4 13. cxd4 Rfd8 14. e3 Qb5 15. Nb3 h6 16. Bxf6 Bxf6 17. Bf1 Qb4 18. Qe2 Rc7 19. Rac1 Rdc8 20. Rxc7 Rxc7 21. Rc1 Rxc1 22. Nxc1 Qa4 23. b3 Qa3 24. Qc2 Qd6 25. Nd3 h5 26. Nf4 h4 27. Nh5 Be7 28. Qe2 hxg3 29. hxg3 g6 30. Nf4 Kg7 31. Qg4 Bc6 32. Qe2 Bb7 33. Qg4 Bc6 34. Qe2 e5 35. dxe5 Qxe5 36. Nd3 Qe6 37. Nf4 Qe5 38. Nd3 Qf5 39. Qd2 Bf6 40. Nf4 Bg5 41. Nh3 Bf6 42. Bg2 g5 43. Kh2 Bb7 44. Kg1 Qb1+ 45. Kh2 Qh7 46. Qe2 Bc8 47. g4 Be5+ 48. Kg1 Qh4 49. f3 f5 50. gxf5 Bxf5 51. Nf2 Qb4 52. Nd1 Qc5 53. Kh1 d4 54. e4 Bd7 55. Bf1 Qc1 56. Qd3 Qf4 57. Qe2 g4 58. Qg2 Qxf3 59. Qxf3 gxf3 60. Nb2 Bc6 61. Bd3 Kf6 62. Nc4 Bf4 63. Nb2 b5 64. Kg1 Bg3 65. Nd1 Ke5 66. Nf2 a6 67. b4 Bxf2+ 68. Kxf2 Bxe4 69. Bxe4 Kxe4 70. a3 Kd3 71. Kxf3 Kc3 72. Ke4 d3 73. Kd5 d2 74. Kc6 d1Q 75. Kb6 Qa4 0-1